United States Immigration by Country - Extreme - Statistics

General Stats
  • This quiz has been taken 398 times
  • The average score is 47 of 60
Answer Stats
People Answer % Correct
11,171,893 Mexico
100%
2,221,943 China
98%
699,193 United Kingdom
98%
2,652,853 India
96%
383,305 Russia
94%
467,172 Brazil
93%
559,102 Germany
92%
393,841 Venezuela
92%
789,561 Colombia
91%
1,343,960 Cuba
91%
194,421 France
91%
324,903 Italy
91%
1,006,987 Guatemala
90%
687,186 Haiti
90%
379,103 Pakistan
90%
117,790 Spain
90%
361,565 Japan
89%
1,345,753 Vietnam
89%
813,664 Canada
88%
472,637 Peru
88%
169,980 Argentina
87%
1,177,864 Dominican Republic
87%
1,419,330 El Salvador
87%
381,951 Iran
87%
237,422 Iraq
87%
443,105 Poland
87%
1,039,099 South Korea
87%
646,253 Honduras
86%
733,429 Jamaica
86%
2,013,756 Philippines
85%
262,077 Nicaragua
83%
126,494 Turkey
83%
325,885 Ukraine
83%
124,990 Ireland
81%
103,750 Panama
81%
103,030 South Africa
80%
207,579 Egypt
78%
374,711 Nigeria
78%
184,390 Portugal
78%
111,766 Syria
78%
261,052 Bangladesh
77%
398,786 Ecuador
77%
269,381 Thailand
74%
125,699 Greece
73%
113,669 Afghanistan
71%
129,926 Israel
68%
162,443 Romania
68%
138,637 Cambodia
62%
191,179 Laos
61%
278,083 Ethiopia
57%
390,150 Taiwan
54%
103,377 Somalia
53%
140,391 Myanmar
51%
195,371 Ghana
50%
146,560 Kenya
48%
121,936 Lebanon
48%
148,634 Nepal
48%
222,268 Trinidad and Tobago
46%
280,297 Guyana
45%
105,569 Bosnia and Herzegovina
24%
No matching quizzes found
Score Distribution
Percent of People with Each Score
Percentile by Number Answered
Your Score History
You have not taken this quiz